• 首页
  • 本馆介绍
  • 公告通知
  • 最新文献
  • 馆藏检索
  • 电子资源
  • 读者导购
  • 参考咨询
  • 我的图书馆
  • 登录
  • 详细信息显示
  • 放入我的书架
  • 预约/预借图书
  • 作者相关作品
  • 分类相关作品
  • 丛书相关作品
  • 出版社相关作品

书目信息

  • 表格格式
  • 工作单格式
  • 卡片格式
题名:
拜伦
    
 
作者: 叶利斯特拉托娃 著 ;周七勋 译
分册:  
出版信息: 上海   上海译文出版社  1985
页数: 274页
开本: 21cm
丛书名:
单 册:
中图分类: K835.615.6
科图分类:
主题词: 历史 , 地理
电子资源:
ISBN:
000 00635nam0 2200229 45
001 0405120810
005 20040512100004.8
010    @dCNY1.50
091    @a10188.586
100    @a20040512d1985 km y0chiy0120 ea
101 0  @achi@crus
105    @a z 000yb
200 1  @a拜伦@ABai Lun@f(苏)叶利斯特拉托娃著@F(Su)Ye Li Si Te La Tuo Wa Zhu@g周七勋译
210    @a上海@c上海译文出版社@d1985
215    @a274页@d21cm
606 0  @a历史
606 0  @a地理
690    @aK835.615.6@v3
701  0 @a叶利斯特拉托娃@4著
702  0 @a周七勋@AZhou Qi Xun@4译
801    @aCN@bPftUser@c20040512
905    @f4@b152724-727@dK835.615.6@e130:YL
    
    拜伦/(苏)叶利斯特拉托娃著/周七勋译.-上海:上海译文出版社,1985
    274页;21cm
    
    
    ISBN :CNY1.50
    
●
相关链接 在E读中查询图书 在五车中查询图书 在当当中查询图书 在豆瓣中查询图书


正题名:拜伦     索取号:K835.615.6/130:YL         预约/预借

序号 登录号 条形码 馆藏地/架位号 状态 备注
1 0152724   001543789   密集书库/ [索取号:K835.615.6/130:YL] 在馆    
2 0152725   001543869   密集书库/ [索取号:K835.615.6/130:YL] 在馆    
3 0152726   001543823   密集书库/ [索取号:K835.615.6/130:YL] 在馆    
4 0152727   001543903   密集书库/ [索取号:K835.615.6/130:YL] 在馆    
5 0152728   001543949   第二样本阅览室/ [索取号:K835.615.6/130:YL] 在馆    
唐山师范学院图书馆 欢迎您!
大连网信软件有限公司© 版权所有